00273nam a2200121Ia 45000030006000000080041000060400015000471000012000622450017000742600031000915460012001220050017001340STCL150530s9999 xx 000 0 und d aSTCLcSTCL aDickens aMr. Pickwick bUniversity of Londonc1950 aEnglish20220125171055.0